On This Day: August 31st Quiz Stats

 Plays Quiz Updated Aug 31, 2017

     
Support Sporcle.
Go Orange.
Score 0/7 Timer 03:00
1 Play Today
Question Answer Wrong Answers
In an attempt to stay out of the growing turmoil in Europe, the United States passes the first of its ______ Acts.
1935
Neutrality
91.9%
Uncommitted
2.1%
Bystanding
2.8%
Detached
1.8%
German Count Ferdinand von Zeppelin patents his navigable ______.
1895
Balloon
91.9%
Snowsled
1.5%
Autobus
3.4%
Helicopter
3.1%
This American actor, who has starred in many well-received films, including ‘An Officer and a Gentleman’ and ‘Pretty Woman’, is born.
1949
Richard Gere
89.6%
George Clooney
3.7%
Kevin Costner
2.4%
Harrison Ford
2.3%
Diana, Princess of Wales, her companion Dodi Fayed, and driver Henri Paul, die in a car crash in ______.
1997
Paris
86.3%
London
8.7%
New York
0.8%
Madrid
1.2%
This famous painting by Edvard Munch, which had been stolen days earlier, is recovered in a raid by Norwegian police.
2006
The Scream
84.1%
The Starry Night
6.6%
Guernica
1.9%
The Water Lily Pond
4%
Dilma Rousseff, president of this nation, is removed from office following her impeachment.
2016
Brazil
50.9%
Chile
13.1%
Argentina
20.8%
Peru
11.4%
This nation, whose capital is Bishkek, declares its independence from the Soviet Union.
1991
Kyrgyzstan
49.8%
Kazakhstan
18.7%
Tajikistan
9.1%
Uzbekistan
19.8%

From the Vault

Prince Songs by Image

by I-Am-Batman

Music 3m
Today on "images you might be able to hear."
Remove Ads.
Support Sporcle.
Get the best of Sporcle when you Go Orange. This ad-free experience offers more features, more stats, and more fun while also helping to support Sporcle. Thank you for becoming a member.

Show Comments

Extras

Top Quizzes Today


Score Distribution

Your Account Isn't Verified!

In order to create a playlist on Sporcle, you need to verify the email address you used during registration. Go to your Sporcle Settings to finish the process.

Report this User

Report this user for behavior that violates our Community Guidelines.

Details: